000 00391nam a22001217a 4500
082 _a200 THE
100 _aRabiya Bibi
_969957
245 _aTH-SOF-1353-A Mathematical Model to Optimize the Running Cost of a Smart Grid System
260 _aIslamabad
_bNUST College of EME
_c2016
650 _a MS-COMPUTER ENGINEERING-81 MSTHESIS
700 _aSupervisor Dr. Shoab Ahmad Khan
942 _cCF
999 _c577027
_d577027